000 00499nam a2200205 i 4500
001 C2-0298120
003 PPAK
005 20180728080248.0
008 090527s my |||| ||||| | eng d
040 _aPPAK
_beng
_cPPAK
_erda
082 0 4 _a391.4359521
_223
090 0 0 _a391.4359521
_bSAB
_dKIH
245 0 0 _aSabah hats
264 1 _aSabah :
300 _a15 pages ;
_c21 cm
336 _2rdacontent
_atext
337 _2rdamedia
_aunmediated
338 _2rdacarrier
_avolume
942 _ddc
_cB
999 _c102465
_d102465